书目信息 |
| 题名: |
马克思主义政治经济学
|
|
| 作者: | 王元璋 主编 | |
| 分册: | ||
| 出版信息: | 北京 北京师范大学出版社 1987 |
|
| 页数: | 432页 | |
| 开本: | 19cm | |
| 丛书名: | ||
| 单 册: | ||
| 中图分类: | F0-0 | |
| 科图分类: | ||
| 主题词: | 马克思主义政治经济学 | |
| 电子资源: | ||
| ISBN: | ||
| 000 | 00773nam0 2200253 45 | |
| 001 | 0187001066 | |
| 005 | 20050331164602.0 | |
| 010 | @dCNY2.00 | |
| 091 | @a3243.11 | |
| 100 | @a19900808d1987 em y0chiy0121 ea | |
| 101 | 0 | @achi |
| 102 | @aCN@b110000 | |
| 105 | @ay z 000yy | |
| 200 | 10 | @a马克思主义政治经济学@Ama ke si zhu yi zheng zhi jing ji xue@e社会主义部分@EShe Hui Zhu Yi Bu Fen@f王元璋主编@FWang Yuan Zhang Zhu Bian |
| 210 | @a北京@c北京师范大学出版社@d1987 | |
| 215 | @a432页@d19cm | |
| 300 | @a高等师范专科学校教材 | |
| 517 | @a社会主义部分@AShe Hui Zhu Yi Bu Fen | |
| 606 | @a马克思主义政治经济学 | |
| 690 | @aF0-0@v3 | |
| 701 | 0 | @a王元璋@4主编 |
| 801 | 0 | @aCN@b深圳图书馆@c20040423 |
| 801 | 2 | @aCN@bNLC@c20040423 |
| 905 | @dF0-0@e105@f1@b202402 | |
| 马克思主义政治经济学:社会主义部分/王元璋主编.-北京:北京师范大学出版社,1987 |
| 432页;19cm |
| 高等师范专科学校教材 |
| ISBN :CNY2.00 |
| ● |
| 相关链接 |
|
|
|
|
正题名:马克思主义政治经济学
索取号:F0-0/105
 
预约/预借
| 序号 | 登录号 | 条形码 | 馆藏地/架位号 | 状态 | 备注 |
| 1 | 0202399 | 001269004 | 密集书库/ [索取号:F0-0/105] | 在馆 | |
| 2 | 0202400 | 001269022 | 密集书库/ [索取号:F0-0/105] | 在馆 | |
| 3 | 0202401 | 001269013 | 第一借阅区/ [索取号:F0-0/105] | 在馆 | |
| 4 | 0202402 | 002006670 | 密集书库/ [索取号:F0-0/105] | 在馆 | |
| 5 | 0202403 | 002060771 | 第一样本阅览室/ [索取号:F0-0/105] | 在馆 |